00587nam a2200169Ia 4500008004100000020001500041041001200056082001600068100001700084245005000101260002500151300000800176650001600184942000700200999001500207952019500222221030s9999 xx 000 0 und d a8120308557 aEnglish a105.23bMan aM. M. Morris 0aComputer System Architecturecby M. M. Morris bPHIaNew Delhic1999 a525 aBE Computer cBK c1529d1529 pBE 1135g150.00l1o105.23 Manq2023-07-21r2023-04-15 00:00:00s2023-04-15w2022-10-30yBK003Print4070aMIETLIBbMIETLIBcBL-Academic Block C, FL-2, CUP-46, SH-2, R-2d2000-03-1810HBE